000 00283nam a22001217a 4500
008 170522b xxu||||| |||| 00| 0 eng d
041 _aeng
080 _a94
100 _a16
101 _aSHH
245 _aTHE STORY OF DECLARATION OF INDEPENDENCE
_cMALONE.D
942 _2udc
_cBK
999 _c13769
_d13769